00682cam a2200229 a 450000500170000000800410001701000150005802000260007303500130009903700130011204000130012508200150013810000200015324500930017326000360026627000810030230000220038350000190040565000030042465100030042770000220043020031230185550.0940308s1993 enkab b 001 0 eng  aENG-101654 c250.00a9788184000504 aEN-85187 bDBAD/PUB adplbEng a954.0350921 aCrocker, Walter10aNehru :cby Walter Crocker ; foreworded by Ramachandra Guhaba contemporary's estimate / aNoidabRandom House Indiac2008 aMind Mill Corporate Tower, 2nd Floor, Plot No 24A Sector 16A,bNoidae201301 a215p.c20cm (pbk) aIncludes index 0  aGuha, Ramachandra